000 00595nam a2200241Ia 4500
003 OSt
005 20220912151456.0
006 a|||||r|||| 00| 0
007 ta
008 220909b |||||||| |||| 00| 0 eng d
024 _a38058
037 _cTextual
040 _aCSL
_beng
_cCSL
041 _aeng
082 _aB48, L61-;1
100 _aMaslov V P
245 0 _aOperantional Methods
260 _aMoscow
_bMir Pub
_c1976
300 _a559p.
_ccm.
700 _a Golo V Tr.
942 _hB48, L61-;1
_cTEXL
_2CC
999 _c69360
_d69360